| 000 | 01025cam a2200325 i 4500 | ||
|---|---|---|---|
| 999 |
_c200448970 _d67182 |
||
| 001 | 200448970 | ||
| 003 | TR-AnTOB | ||
| 005 | 20240814073634.0 | ||
| 007 | ta | ||
| 008 | 171208s2005 tu tur | ||
| 020 | _a9756105003 | ||
| 040 |
_aTR-AnTOB _beng _erda _cTR-AnTOB |
||
| 041 | 0 | _atur | |
| 050 | 1 | 4 |
_aDR603 _b.Ö933 2005 |
| 090 |
_aDR603 _b.Ö933 2005 |
||
| 100 | 1 |
_aÖzdağ, Ümit, _d1961- _eauthor _914953 |
|
| 245 | 1 | 0 |
_aGelecek 1000 yılda da buradayız / _cProf. Dr. Ümit Özdağ. |
| 246 | 3 | 0 | _aGelecek bin yılda da buradayız. |
| 250 | _aİkinci baskı Nisan 2005 | ||
| 264 | 1 |
_aİstanbul: _bÜç Ok Yayınları, _c2005. |
|
| 300 |
_a144 pages ; _c21 cm |
||
| 336 |
_2rdacontent _atext _btxt |
||
| 337 |
_2rdamedia _aunmediated _bn |
||
| 338 |
_2rdacarrier _avolume _bnc |
||
| 490 | 0 |
_aÜç Ok Yayınları ; _v1 _aPolitika Dizisi ; _v1 |
|
| 650 | 7 |
_2etuturkob _aMilliyetçilik _zTürkiye _97325 |
|
| 651 | 7 |
_aTürkiye _xSiyaset ve yönetim _2 _9120128 |
|
| 942 |
_2lcc _cBK |
||